Opał Motyl - Statystyki

Ogólne statystyki
  • Ten quiz został rozwiązany 42 razy
  • Średni wynik to 9 z 14
Statystyki odpowiedzi
feat. Odpowiedź % Poprawnych
Ćma
89%
OOBE
72%
Homar
67%
Laleczka Voodoo
61%
Łajzol Papierek
61%
Adam Bytof PrzedOOBE
61%
To tylko zły sen
61%
Złoty Karavan
61%
Boomerang
56%
emmm
56%
Duchu Gdzieś tam
56%
Krew na Rękach
56%
Kabezecik WallStreet
56%
Imago
50%
Nie znaleziono quizów pasujących do podanych kryteriów
Rozkład punktacji
Procent ludzi z każdym wynikiem
Percentyl według liczby udzielonych odpowiedzi
Twoja historia wyników
Nie rozwiązałeś tego quizu